Word Ladder: Car Wars Quiz Stats

Quiz Updated Jul 26, 2015

Challenge
Share
Tweet
Embed
Score 0/54 Timer 06:00
1 Play Today
Hint 4-Letter Word % Correct
• Italian car maker ••FIAT•
95%
• American car maker ••FORD•
94.9%
Clenched handFIST
94.5%
Penetrate with a knifeSTAB
93.7%
FogMIST
93.6%
Ocean vesselBOAT
93.2%
Runner UsainBOLT
92.6%
Animal's neck hairMANE
92.6%
Where money is coinedMINT
92.5%
Poker game withdrawalFOLD
91.6%
The end of a chess gameMATE
91.5%
Daring BOLD
91.3%
Opposite of closedOPEN
91.1%
• German car maker: Mercedes ___•BENZ•
90.9%
RhythmBEAT
90.8%
Partner of a pedi at the spaMANI
90.5%
An outing with a romantic interestDATE
90.4%
President's office shapeOVAL
90.2%
GemstoneOPAL
89.4%
• Swedish car maker ••SAAB•
89.4%
Baking applianceOVEN
89.3%
• British car maker ••MINI•
88.3%
StuntFEAT
88.2%
CurvedBENT
87.1%
Besieged buildingFORT
86.5%
Ale or porter, e.g.BEER
86.1%
Letter styleFONT
86%
Hint 4-Letter Word % Correct
• German car maker ••OPEL•
85.8%
Now, in an ERSTAT
85.5%
InformationDATA
84.7%
Vegetable sugar sourceBEET
84%
• Italian car maker: ___ Romeo ••ALFA•
82.1%
DespatchedSENT
81.9%
Actress Jessica of 'Dark Angel'ALBA
81.2%
Part of set of stairsSTEP
78.4%
'They are', in French: Ils ___.SONT
77.6%
• Spanish car maker ••SEAT•
77.5%
• American car maker ••JEEP•
74.4%
To gradually flowSEEP
74.2%
RidiculeJEER
73.4%
Kristoff's reindeer palSVEN
71.9%
A quick snackBITE
69.6%
Space bar neighborsALTS
69.1%
UK military firearmSTEN
68.2%
To reduce the force ofBATE
66.8%
UFO passengersALFS
65.5%
Actress Gardner and Director DuVernay, e.g.AVAS
64%
GrandfatherlyAVAL
60.9%
Priestly garmentsALBS
60.4%
London art galleryTATE
60%
01010, to a computerBITS
58.5%
• Indian car maker ••TATA•
57%
Unfortunate interjectionALAS
55.2%
Long river islandsAITS
52.1%

Today's Daily Dose

Missing Word
Jazz Songs 'C'

On This Day
January 18th

You're not logged in!

Compare scores with friends on all Sporcle quizzes.
Sign Up with Email
OR
Log In

You Might Also Like...

Show Comments

Extras

Top Quizzes Today


Score Distribution

Your Account Isn't Verified!

In order to create a playlist on Sporcle, you need to verify the email address you used during registration. Go to your Sporcle Settings to finish the process.